000 00351nam a2200157Ia 4500
005 20250603144730.0
008 250603s9999 xx 000 0 und d
050 _aHD 60 .C59/
245 0 _aCorporate Social Responsibility Report
260 _aNigeria
260 _bTotal
260 _c2008
300 _a70 p
650 _aNigeria
942 _cBK
999 _c39787
_d39787